000 01007na a2200325 4500
001 22228
003 MIRAKIL
005 20181213155253.0
008 170212b tu 000 0
035 _a22228
040 _aMilas
_btur
_cTR-AnCHP
041 _atur
090 _aSHP 12
111 _aSosyaldemokrat Halkçı Parti (SHP)
_cAnkara
222 _aBeşinci Olağanüstü Kurultay
245 _aV. Olağanüstü Kurultay Sunuş
_cSHP
246 _aOlağanüstü Kurultay
246 _aSHP 5. Olağanüstü kurultayı
246 _a5. Olağanüstü Kurultay
260 _aAnkara
_c[199?]
300 _a190 s.
_c20 sm.
490 _aSosyaldemokrat Halkçı Parti (SHP) yayınları
610 _aSosyaldemokrat Halkçı Parti (SHP)
_xOlağanüstü kurultaylar
610 _aSosyaldemokrat Halkçı Parti (SHP)
_xÇalışma raporları
651 _aTürkiye
_xSiyaset ve yönetim
657 _aSHP kurultayları
830 _aSHP yayınları
942 _2ddc
_cBKS
999 _c9645
_d9645